Nr. 1 Hits in Deutschland 2018 - Statistiken

Allgemein
  • Dieses Quiz wurde 98 mal gespielt
  • Das Durchschnittsergebnis liegt bei 18 aus 25
Antwortstatistiken
Wochen auf Platz 1 Lied Interpret % Korrekt
10 Wochen Perfect Ed Sheeran
93%
9 Wochen Was du Liebe nennst Bausa
89%
1 Woche Für euch alle Bushido feat. Samra & Capital Bra
89%
1 Woche Kokain Bonez MC & RAF Camorafeat. Gzuz
87%
2 Wochen One Night Stand Capital Bra
86%
1 Woche 5 Songs in einer Nacht Capital Bra
86%
1 Woche Berlin lebt Capital Bra
86%
1 Woche Benzema Capital Bra
86%
1 Woche Melodien Capital Bra feat. Juju
86%
1 Woche Roli Glitzer Glitzer Capital Bra feat. Luciano & Eno
86%
3 Wochen Neymar Capital Bra feat. Ufo361
86%
2 Wochen Je ne parle pas français Namika feat. Black M
86%
6 Wochen Sweet but Psycho Ava Max
83%
1 Woche 500 PS Bonez MC & RAF Camora
83%
1 Woche God’s Plan Drake
79%
2 Wochen Standard KitschKrieg feat. Trettmann, Gringo,Ufo361 & Gzuz
75%
1 Woche One Kiss Calvin Harris & Dua Lipa
66%
1 Woche Baller los Mero
62%
5 Wochen Friends Marshmello & Anne-Marie
61%
1 Woche Cataleya Samra
57%
1 Woche Phänomenal Pietro Lombardi
54%
1 Woche Magisch Olexesh feat. Edin
48%
11 Wochen In My Mind Dynoro & Gigi D’Agostino
44%
1 Woche Solo Clean Bandit feat. Demi Lovato
30%
1 Woche For You Liam Payne & Rita Ora
21%
Keine übereinstimmenden Quizze gefunden
Verteilung der Resultate
Anzahl Personen mit jedem Resultat
Perzentil nach korrekt beantworteten Fragen
Ihre Resultats-Entwicklung
Sie haben dieses Quiz noch nicht gespielt